Governing science and technology

Na minha lista:
Detalhes bibliográficos
Autor principal: Lambright, W. Henry
Formato: Livro
Idioma:Undetermined
Publicado em: Oxford Oxford University ress 1976
Assuntos:
Tags: Adicionar Tag
Sem tags, seja o primeiro a adicionar uma tag!
Thư viện lưu trữ: Trung tâm Học liệu Trường Đại học Cần Thơ
LEADER 00525nam a2200193Ia 4500
001 CTU_81495
008 210402s9999 xx 000 0 und d
082 |a 353 
082 |b L226 
100 |a Lambright, W. Henry 
245 0 |a Governing science and technology 
245 0 |c W. Henry Lambright 
260 |a Oxford 
260 |b Oxford University ress 
260 |c 1976 
650 |a Technology and state 
650 |z United states 
904 |i Trọng Hải 
980 |a Trung tâm Học liệu Trường Đại học Cần Thơ